000 00327nam a2200121Ia 4500
008 220204s9999 xx 000 0 und d
082 _a532
_bKHU
100 _aKhurmi, R S
245 0 _aTextbook of hydraulics, fluid mechanics and hydraulic machines
260 _aNew Delhi
_bS Chand
_c1978
650 _aHydraulics
942 _cBK
999 _c27362
_d27362